| 000 | 01765nam a22002657a 4500 | ||
|---|---|---|---|
| 001 | 1495 | ||
| 005 | 20231002103719.0 | ||
| 040 |
_aFISKH _beng _cFISKH _dFISKH |
||
| 082 | _a646.72 | ||
| 100 | _aSophal, Bot | ||
| 245 | _aអាជីពជាអ្នកសម្អាង / | ||
| 250 | _aបោះពុម្ពលើកទី ២ ខែមិនា ២០២១ | ||
| 260 |
_aPhnom Penh : _bSipar, _c2021. |
||
| 300 |
_a40 pages : _bcolor illustrations ; _c26 cm |
||
| 490 | _aតម្រង់ទិសវិជ្ជាជីវៈ | ||
| 505 | _aZ' | ||
| 520 | _aបង្ហាញពីជម្រើសផ្សេងៗក្នុងវិជ្ជាជីវៈ មួយនេះ ដោយចង្អុលឳ្យឃើញទិដ្ឋភាពខុសៗគ្នានៃការរៀនជំនាញ ការអនុវត្តជាក់ស្ដែង និងសម្ភារៈ ចាំបាច់ ក្នុងការបើកអាជីវកម្មដោយខ្លួនឯង ព្រមទាំងមានការបង្ហាញគំរូមួយចំនួននៃការអនុវត្តទៅតាមជំហាននិមួយៗ។ | ||
| 520 | _aDemonstrate the various options in this profession by pointing out the different aspects of learning the skills, practical application and materials needed to run a business on your own, as well as showing some examples of practice step by step. | ||
| 521 |
_a1120
_bLexile estimate |
||
| 521 |
_aZ'
_bRaz-Plus |
||
| 650 |
_aជំនាញ _vសម្ភារៈ _xអាជីវកម្ _yម |
||
| 650 |
_aSkill _vStuffs _xBusiness |
||
| 700 |
_aVisoth, Seng _cillstrator |
||
| 942 |
_2ddc _cBK _n0 |
||
| 999 |
_c1495 _d1495 |
||